| 000 | 00521nam a2200169 i 4500 | ||
|---|---|---|---|
| 001 | 37871 | ||
| 003 | ES-MaACL | ||
| 005 | 20251120063127.0 | ||
| 007 | t| | ||
| 008 | 030224s1952 sp ||||1| spa d | ||
| 100 | 1 |
_aBurgo, Jaime del, _d1912-2005 _932641 |
|
| 245 | 1 | 0 |
_aCien años después _b: recuerdos del alzamiento nacional / _cJaime del Burgo. |
| 260 |
_aPamplona : _bSiempre, _c[1952] ( _fGómez) |
||
| 300 |
_a64 p., 4 lám. ; _c17 cm. |
||
| 852 |
_aES-MaACL _jD-7965 _bR.31895 |
||
| 999 |
_c37871 _d37871 |
||